000 00419nam a2200193Ia 4500
008 240510s9999 xx 000 0 und d
020 _a0001556151306
041 _aEng
082 _a005.133
082 _bH15
100 _aHANSEN A.
245 0 _aLEARN C NOW
260 _bWASHINGTON : MS COP.
260 _c1988
300 _a367 p.
650 _aC : PROGRAMMING LANGUAGES
942 _2ddc
942 _cLBK
999 _c26372
_d26372
945 _a1
_bMadushi Gamage
_c1
_dMadushi Gamage